Flagi Bliskiego wschodu - Statystyki

Ogólne statystyki
  • Ten quiz został rozwiązany 17 razy
  • Średni wynik to 16 z 17
Statystyki odpowiedzi
Obrazkowy Odpowiedź % Poprawnych
Arabia saudyjska
100%
Cypr
100%
Irak
100%
Izrael
100%
Katar
100%
Turcja
100%
Bahrajn
94%
Egipt
94%
Iran
94%
Jemen
94%
Syria
94%
Zjednoczone Emiraty Arabskie
94%
Jordania
88%
Liban
88%
Oman
88%
Kuwejt
75%
Palestyna
75%
Nie znaleziono quizów pasujących do podanych kryteriów
Rozkład punktacji
Procent ludzi z każdym wynikiem
Percentyl według liczby udzielonych odpowiedzi
Twoja historia wyników
Nie rozwiązałeś tego quizu